000 00727nam a2200253Ia 4500
003 OSt
005 20220925223417.0
006 a|||||r|||| 00| 0
007 ta
008 220923b |||||||| |||| 00| 0 eng d
020 _a0415149665
037 _cGeneral Book
040 _aRTL
_cRTL
_beng
041 _2eng
_aeng
082 _aV44Q7,1y7M76, N7
100 _aAhmed Akbar S
_9132844
245 0 _aJinnah, Pakistan and Islamic identity
_bThe search
260 _aLondon
_bRoutledge
_c1997
300 _axxix, 274p
_ccm.
500 _aBibliography: P 259-67
650 _aPresident Pakistan
_9241950
942 _hV44Q7,1y7M76, N7
_cGB
_2CC
999 _c579479
_d579479